<?xml version="1.0" encoding="UTF-8"?>
<record
    xmlns:xsi="http://www.w3.org/2001/XMLSchema-instance"
    xsi:schemaLocation="http://www.loc.gov/MARC21/slim http://www.loc.gov/standards/marcxml/schema/MARC21slim.xsd"
    xmlns="http://www.loc.gov/MARC21/slim">

  <leader>00379    a2200121   4500</leader>
  <controlfield tag="005">20250628165135.0</controlfield>
  <datafield tag="082" ind1=" " ind2=" ">
    <subfield code="a">658.3'0097 CRO.</subfield>
  </datafield>
  <datafield tag="100" ind1=" " ind2=" ">
    <subfield code="a">CROCKER, L.O.</subfield>
  </datafield>
  <datafield tag="245" ind1=" " ind2=" ">
    <subfield code="a">Experientials Exercises In Canadian Personnel Administration,</subfield>
  </datafield>
  <datafield tag="260" ind1=" " ind2=" ">
    <subfield code="a">Ottawa,</subfield>
    <subfield code="b">Canadian Cataloguing And Publication Data'</subfield>
    <subfield code="c">1986.</subfield>
  </datafield>
  <datafield tag="300" ind1=" " ind2=" ">
    <subfield code="a">ix.; 527.; Ill.; picture,</subfield>
    <subfield code="b">Index,</subfield>
    <subfield code="c">27cm.</subfield>
  </datafield>
  <datafield tag="942" ind1=" " ind2=" ">
    <subfield code="2">ddc</subfield>
    <subfield code="c">BKS</subfield>
  </datafield>
  <datafield tag="999" ind1=" " ind2=" ">
    <subfield code="c">6125</subfield>
    <subfield code="d">6125</subfield>
  </datafield>
  <datafield tag="952" ind1=" " ind2=" ">
    <subfield code="r">2025-06-28 16:53:20</subfield>
    <subfield code="l">0</subfield>
    <subfield code="o">658.3'0097CRO</subfield>
    <subfield code="p">DOM0003489</subfield>
    <subfield code="v">255000.00</subfield>
    <subfield code="w">2025-06-28</subfield>
    <subfield code="y">BKS</subfield>
    <subfield code="1">0</subfield>
    <subfield code="2">ddc</subfield>
    <subfield code="4">0</subfield>
    <subfield code="7">0</subfield>
    <subfield code="0">0</subfield>
    <subfield code="a">004</subfield>
    <subfield code="b">004</subfield>
    <subfield code="c">GEN</subfield>
    <subfield code="d">2009-12-18</subfield>
    <subfield code="g">85000.00</subfield>
  </datafield>
</record>
